• 首页
  • 本馆介绍
  • 公告通知
  • 最新文献
  • 馆藏检索
  • 电子资源
  • 读者导购
  • 参考咨询
  • 我的图书馆
  • 登录
  • 详细信息显示
  • 放入我的书架
  • 预约/预借图书
  • 作者相关作品
  • 分类相关作品
  • 丛书相关作品
  • 出版社相关作品

书目信息

  • 表格格式
  • 工作单格式
  • 卡片格式
题名:
中国与其主要贸易伙伴国的双边贸易自由化对就业影响研究
    
 
作者: 王可 著
分册:  
出版信息: 北京   中国广播影视出版社  2017
页数: 197页
开本: 23cm
丛书名:
单 册:
中图分类: D669.2 , F752
科图分类:
主题词: 对外贸易--影响--就业--研究--中国
电子资源:
ISBN: 978-7-5043-7975-7
000 01361nam0 2200253 450
001 012001000203
005 20140920091301.0
010    @a978-7-5043-7975-7@dCNY40.00
100    @a20180217d2017 em y0chiy50 ea
101 0  @achi@deng
102    @aCN@b110000
105    @ay z 000yy
106    @ar
200 1  @a中国与其主要贸易伙伴国的双边贸易自由化对就业影响研究@9Zhong Guo Yu Qi Zhu Yao Mao Yi Huo Ban Guo De Shuang Bian Mao Yi Zi You Hua Dui Jiu Ye Ying Xiang Yan Jiu@f王可著
210    @a北京@c中国广播影视出版社@d2017
215    @a197页@d23cm
300    @a西安石油大学优秀学术著作出版基金资助、西安石油大学油气资源经济管理研究中心资助
330    @a在当前经济形势下各国都面临着就业压力增大的负面状态,本书深入研究我国与其主要贸易伙伴国的双边贸易自由化对就业的影响,探索导致我国就业变动的根源,对切实提高我国外贸发展方式,从而对带动就业水平的提高具有重要的理论和现实意义。从提高我国就业水平的视角出发,运用经典的贸易和就业理论,对我国与其主要贸易伙伴国的双边贸易自由化对就业影响进行系统的理论探讨和实证分析,尝试回答如下问题:双边贸易自由化与我国就业的关系究竟如何?贸易自由化对我国就业的影响机理是什么?贸易自由化促进我国就业的条件是什么。
606 0  @a对外贸易@x影响@x就业@x研究@y中国
690    @aD669.2@v5
690    @aF752@v5
701  0 @a王可@9Wang Ke@c(教授)@4著
801  0 @aCN@b上海新华@c20180901
905    @b1041003-07@dD669.2@e235@f5
    
    中国与其主要贸易伙伴国的双边贸易自由化对就业影响研究/王可著.-北京:中国广播影视出版社,2017
    197页;23cm
    西安石油大学优秀学术著作出版基金资助、西安石油大学油气资源经济管理研究中心资助
    
    ISBN 978-7-5043-7975-7:CNY40.00
    在当前经济形势下各国都面临着就业压力增大的负面状态,本书深入研究我国与其主要贸易伙伴国的双边贸易自由化对就业的影响,探索导致我国就业变动的根源,对切实提高我国外贸发展方式,从而对带动就业水平的提高具有重要的理论和现实意义。从提高我国就业水平的视角出发,运用经典的贸易和就业理论,对我国与其主要贸易伙伴国的双边贸易自由化对就业影响进行系统的理论探讨和实证分析,尝试回答如下问题:双边贸易自由化与我国就业的关系究竟如何?贸易自由化对我国就业的影响机理是什么?贸易自由化促进我国就业的条件是什么。
●
相关链接 在E读中查询图书 在五车中查询图书 在当当中查询图书 在豆瓣中查询图书


正题名:中国与其主要贸易伙伴国的双边贸易自由化对就业影响研究     索取号:D669.2/235         预约/预借

序号 登录号 条形码 馆藏地/架位号 状态 备注
1 1041003   210410036   第一样本阅览室/ [索取号:D669.2/235] 在馆    
2 1041004   210410045   第一借阅区/ [索取号:D669.2/235] 在馆    
3 1041005   210410054   第一借阅区/ [索取号:D669.2/235] 在馆    
4 1041006   210410063   第一借阅区/ [索取号:D669.2/235] 在馆    
5 1041007   210410072   密集书库-史法系/ [索取号:D669.2/235] 在馆    
唐山师范学院图书馆 欢迎您!
大连网信软件有限公司© 版权所有